Prénoms de garçons les plus populaires au Québec en 2018 - Statistiques

Statistiques générales
  • Ce quiz a été pris 78 fois
  • Le résultat moyen est 47 sur 100
Statistiques - réponses
% Correct
Thomas
90%
Alex
86%
Alexander
81%
Alexandre
81%
Antoine
81%
Olivier
78%
William
78%
Louis
76%
Léo
73%
Louka
73%
Luca
73%
Lucas
73%
Charles
71%
Gabriel
71%
Julien
69%
Sam
69%
Xavier
68%
Alexis
66%
Jules
66%
Samuel
66%
Théo
66%
Liam
64%
Lyam
64%
Nathan
64%
Noah
64%
Tom
64%
Benjamin
63%
Rafaël
63%
Raphaël
63%
Vincent
63%
Mathis
61%
Anthony
59%
David
58%
Zack
58%
Félix
56%
Léon
56%
Henri
54%
Philippe
54%
Victor
54%
Mathéo
53%
Matteo
53%
Émile
51%
Hugo
51%
Justin
51%
Arthur
49%
Eli
49%
Nicolas
49%
Eliot
47%
Eliott
47%
Elliot
47%
Édouard
46%
Étienne
46%
Michaël
46%
Zachary
46%
Zackary
46%
Daniel
41%
Ethan
41%
Jack
41%
Jacob
41%
Maxence
41%
Dylan
39%
James
37%
Mathias
37%
Adam
36%
Axel
36%
Enzo
36%
Jordan
36%
Arnaud
34%
Damien
34%
Isaac
34%
Laurent
34%
Logan
34%
Loïc
34%
Loïk
34%
Théodore
34%
Nolan
32%
Aiden
29%
Ayden
29%
Hayden
29%
Hubert
29%
Léonard
27%
Rayan
27%
Ryan
27%
Adrien
25%
Eloi
25%
Evan
25%
Ludovic
25%
Tristan
25%
Ali
22%
Albert
20%
Jackson
20%
Jake
20%
Jayden
19%
Mayson
19%
Tyler
15%
Malik
12%
Milan
12%
Caleb
10%
Elias
8%
Maverick
8%
Aucun quiz correspondant
Distribution des résultats
% des personnes avec chaque résultat
Percentile par nombre de réponses
Votre historique - résultats
Vous n’avez pas pris ce quiz